Detalles MARC
| 000 -LIDER |
| fixed length control field |
00850cam a2200301 i 4500 |
| 001 - NÚMERO DE CONTROL |
| Identificador de número de control |
0000474 |
| 003 - IDENTIFICACDOR DE NÚMERO DE CONTROL |
| control field |
DO-SdBNP |
| 005 - DATE AND TIME OF LATEST TRANSACTION |
| control field |
20180207093122.0 |
| 007 - CAMPOS FIJOS DE DESCRIPCIÓN FÍSICA |
| fixed length control field |
0000474 |
| 008 - ELEMENTOS DE LONGITUD FIJA |
| fixed length control field |
100514s 2002 it | |||| 000 f spa |
| 015 ## - NÚMERO DENTRO DE LA BIBLIOGRAFÍA NACIONAL |
| National bibliography number |
|
| 017 ## - NÚMERO DE REGISTRO DE DERECHOS DE AUTOR |
| Copyright or legal deposit number |
|
| Assigning agency |
|
| 020 ## - ISBN |
| International Standard Book Number |
8888405143 |
| 035 ## - NÚMERO LOCAL |
| System control number |
|
| 040 ## - FUENTE DE CATALOGACIÓN |
| Agencia que crea de manera original el registro |
BPMSU |
| Idioma de catalogación |
spa |
| Agencia que realiza la transcripción |
BPMSU |
| Convenciones de la despripción |
|
| 080 ## - NÚMERO DE CLASIFICACIÓN DECIMAL UNIVERSAL |
| Universal Decimal Classification number |
|
| 100 1# - ASIENTO PRINCIPAL -- NOMBRE PERSONAL |
| Nombre personal |
Serao, Matilde |
| Fechas asociadas con el nombre |
1856-1927 |
| 245 13 - MENCIÓN DE TITULO |
| Título |
El vientre de Nápoles / |
| Mención de responsabilidad |
Matilde Serao ; traducción Nuria Pérez Vicente ; introducción Silvio Mignano |
| 260 ## - PUBLICACIÓN, DISTRIBUCIÓN, ETC. (PIE DE IMPRENTA) |
| Lugar de publicación, distribución, etc |
Italia: |
| Nombre del editor, distribuidor, etc. |
Arci solidarieta cesenate, |
| Fecha de publicación, distribución, etc |
2002. |
| 300 ## - DESCRIPCIÓN FÍSICA |
| Extensión |
63 p.: |
| Dimensiones |
17 cm |
| 490 1# - MENCIÓN DE SERIES |
| Mención de serie |
Un mar de sueños |
| Volume/sequential designation |
12 |
| 700 12 - ASIENTO SECUNDARIO -- NOMBRE PERSONAL |
| Nombre personal |
Pérez Vicente, Nuria |
| Mención de responsabilidad |
trad. |
| 700 12 - ASIENTO SECUNDARIO -- NOMBRE PERSONAL |
| Nombre personal |
Mignano, Silvio |
| Mención de responsabilidad |
int. |
| 830 #0 - ASIENTO SECUNDARIO DE SERIE--TÍTULO UNIFORME |
| Título uniforme |
Un mar de sueños |
| Número de la parte o sección de una obra |
12 |
| 942 ## - ADDED ENTRY ELEMENTS (KOHA) |
| Source of classification or shelving scheme |
Dewey Decimal Classification |
| Koha item type |
Libros |
| 945 ## - INFORMACIÓN DE PROCESAMIENTO LOCAL |
| Información de procesamiento local |
inventariado, 2018 / dg |
| 956 ## - LOCAL ELECTRONIC LOCATION AND ACCESS (OCLC) |
| Nombre de host |
YLOCKWARD |
| Campo enlazado y núm. de secuencia |
10 |
| Información de compresión |
BPMSU |